De Vernuftige Jonkheer Don Quichote van de Mancha (Record no. 2912)
[ view plain ]
| 000 -CABECERA | |
|---|---|
| campo de control de longitud fija | 01962nam a2200349 a 4500 |
| 001 - NÚMERO DE CONTROL | |
| campo de control | BRCA_3176 |
| 005 - FECHA Y HORA DE LA ÚLTIMA TRANSACCIÓN | |
| campo de control | 20190320204140.0 |
| 008 - DATOS DE LONGITUD FIJA--INFORMACIÓN GENERAL | |
| campo de control de longitud fija | 130209s1859----ne-a---###---#000-0#dut-u |
| 041 ## - CÓDIGO DE LENGUA | |
| Código de lengua del texto/banda sonora o título independiente | dut |
| 044 ## - CÓDIGO DEL PAÍS DE LA ENTIDAD EDITORA/PRODUCTORA | |
| Código MARC del país | ne |
| 084 ## - OTRO NÚMERO DE CLASIFICACIÓN | |
| Número de clasificación | 476 |
| Número de documento/Ítem | .K78 |
| -- | 1859 |
| 100 1# - ENTRADA PRINCIPAL--NOMBRE DE PERSONA | |
| Nombre de persona | Cervantes Saavedra, Miguel de |
| Fechas asociadas al nombre | 1547-1616 |
| 9 (RLIN) | 213 |
| 245 10 - MENCIÓN DE TÍTULO | |
| Título | De Vernuftige Jonkheer Don Quichote van de Mancha |
| Mención de responsabilidad, etc. | door Michael Cervantes de Saavedra. |
| 260 ## - PUBLICACIÓN, DISTRIBUCIÓN, ETC. | |
| Lugar de publicación, distribución, etc. | Haarlem (Holanda) |
| Nombre del editor, distribuidor, etc. | A.C. Kruseman |
| Fecha de publicación, distribución, etc. | 1859 |
| 300 ## - DESCRIPCIÓN FÍSICA | |
| Extensión | 2 v. |
| Otras características físicas | il. |
| Dimensiones | 19 cm. |
| 500 ## - NOTA GENERAL | |
| Nota general | Contenido : v 1. Primera parte. Retrato de Cervantes. Dedicatoria del autor. Prólogo del autor. Texto. -- v 2. Segunda parte. Dedicatoria del autor. Prólogo del autor. Texto |
| 500 ## - NOTA GENERAL | |
| Nota general | Edición : Mit het spaansch vertaald door C.L. Schuller tot Peursum |
| 500 ## - NOTA GENERAL | |
| Nota general | Traducción de C.L. Schuller tot Peursum, con las dedicatorias y prólogos de Cervantes, pero sin los versos que van en los preliminares de la primera parte, traducidos ya al holandés por L.V. Bosch. Va adornada con varias láminas, cada una de las cuales tiene 5 grabaditos que son otros tantos dibujos de Tony Johannot y un retrato de Cervantes, copia del qu donó el conde del Águila a la Academia Española. La parte tipográfica es buena. Tela; lomos y planos decorados con dorados Lúdovik Osterc |
| 500 ## - NOTA GENERAL | |
| Nota general | Estado físico : La edición presenta la encuadernación desprendida |
| 500 ## - NOTA GENERAL | |
| Nota general | QM570 |
| 546 ## - NOTA DE LENGUA/LENGUAJE | |
| Nota de lengua/lenguaje | Texto en : francés |
| 650 14 - PUNTO DE ACCESO ADICIONAL DE MATERIA--TÉRMINO DE MATERIA | |
| Término de materia o nombre geográfico como elemento de entrada | Novela española |
| Subdivisión cronológica | Época clásica, 1500-1700 |
| 9 (RLIN) | 215 |
| 650 14 - PUNTO DE ACCESO ADICIONAL DE MATERIA--TÉRMINO DE MATERIA | |
| Término de materia o nombre geográfico como elemento de entrada | Literatura española |
| Subdivisión cronológica | Época clásica, 1500-1700 |
| 9 (RLIN) | 216 |
| 650 14 - PUNTO DE ACCESO ADICIONAL DE MATERIA--TÉRMINO DE MATERIA | |
| Término de materia o nombre geográfico como elemento de entrada | Novela española |
| Subdivisión cronológica | Siglo XVII |
| 9 (RLIN) | 217 |
| 650 14 - PUNTO DE ACCESO ADICIONAL DE MATERIA--TÉRMINO DE MATERIA | |
| Término de materia o nombre geográfico como elemento de entrada | Don Quijote (Personaje ficticio) |
| Término indicativo de función/relación | Novela |
| 9 (RLIN) | 218 |
| 700 1# - PUNTO DE ACCESO ADICIONAL--NOMBRE DE PERSONA | |
| Nombre de persona | Schuller tot Peursum, C.L. |
| Fechas asociadas al nombre | 1813-1860 |
| Término indicativo de función/relación | Traductor |
| 9 (RLIN) | 8546 |
| 700 1# - PUNTO DE ACCESO ADICIONAL--NOMBRE DE PERSONA | |
| Nombre de persona | Bosch, Lambert Van den |
| Término indicativo de función/relación | Traductor |
| 9 (RLIN) | 8547 |
| 700 1# - PUNTO DE ACCESO ADICIONAL--NOMBRE DE PERSONA | |
| Nombre de persona | Johannot, Tony |
| Fechas asociadas al nombre | 1803-1852 |
| Término indicativo de función/relación | Ilustrador |
| 9 (RLIN) | 8548 |
| 740 0# - PUNTO DE ACCESO ADICIONAL--TÍTULO RELACIONADO O ANALÍTICO NO CONTROLADO | |
| Título relacionado o analítico no controlado | El Ingenioso Hidalgo Don Quijote de la Mancha |
| 902 ## - CATALOGADOR | |
| Iniciales | QFM |
| 942 ## - ELEMENTOS DE PUNTO DE ACCESO ADICIONAL (KOHA) | |
| Fuente del sistema de clasificación o colocación | Library of Congress Classification |
| Tipo de ítem Koha | Libros |
| Estado de retiro | Estado de pérdida | Estado dañado | No para préstamo | Localización permanente | Ubicación/localización actual | Fecha de adquisición | Número de inventario | Total de préstamos | Signatura topográfica completa | Código de barras | Fecha visto por última vez | Precio válido a partir de | Tipo de ítem Koha |
|---|---|---|---|---|---|---|---|---|---|---|---|---|---|
| El ejemplar forma parte de la colección y puede ser consultado según las políticas vigentes. | Biblioteca del Museo Franz Mayer (Rogerio Casas-Alatriste) | Biblioteca del Museo Franz Mayer (Rogerio Casas-Alatriste) | 13/02/2009 | QM570 | 476 .K78 1859 (QM570) | 3173 | 22/03/2019 | 22/03/2019 | Libros |